|
|
|
|
| LEADER |
00000nam a2200000 4500 |
| 001 |
vtls012256923 |
| 003 |
SK-MaSNL |
| 005 |
20260331212730.0 |
| 008 |
240528s2023 xo ho g c 000 0dslo |
| 015 |
|
|
|a SNBE2024
|
| 020 |
|
|
|a 9788097158354
|q (brožované)
|
| 040 |
|
|
|a SNK
|b slo
|c SNK
|e rda
|
| 041 |
0 |
|
|a slo
|a cze
|
| 043 |
|
|
|a e-xo---
|
| 044 |
|
|
|a xo
|c SK
|
| 072 |
|
7 |
|a 75
|x Maliarstvo
|2 konspekt
|
| 080 |
|
|
|a 75.071.1
|2 2011
|
| 080 |
|
|
|a 75(437.6)
|2 2011
|
| 080 |
|
|
|a 75.036/.038
|2 2011
|
| 080 |
|
|
|a 069.5-027.551
|2 2011
|
| 080 |
|
|
|a 72/76:069.5
|2 2011
|
| 080 |
|
|
|a (437.6)
|2 2011
|
| 080 |
|
|
|a (083.824)
|2 2011
|
| 080 |
|
|
|a (082.2)
|2 2011
|
| 080 |
|
|
|a 7.074
|2 2011
|
| 100 |
1 |
|
|a Jakoby, Július,
|d 1903-1985
|4 art
|9 238384
|
| 245 |
1 |
0 |
|a Július Jakoby 1903-1985-2023
|b výstava 120 obrazov zo súkromných zbierok pri príležitosti 120. výročia narodenia umelca : Villa Gallery, Protifašistických bojovníkov č. 5, Košice, 10. november-15. december 2023
|c koncepcia katalógu: Jozef Pokorný ; texty: Peter Markovič, Jaromír Zemina, Daniel Liška, Ján Ábelovský
|
| 264 |
|
1 |
|a [Košice]
|b Club milovníkov umenia Košíc
|c 2023
|
| 300 |
|
|
|a 87 strán
|b faksimile, fotografie
|c 24 cm
|
| 336 |
|
|
|a text
|b txt
|2 rdacontent
|
| 336 |
|
|
|a statický obraz
|b sti
|2 rdacontent
|
| 337 |
|
|
|a bez média
|b n
|2 rdamedia
|
| 338 |
|
|
|a zväzok
|b nc
|2 rdacarrier
|
| 366 |
|
|
|e 300 kusov
|
| 500 |
|
|
|a Miesto vydania podľa NA ISBN
|
| 546 |
|
|
|a Čiastočný text v češtine
|
| 600 |
1 |
7 |
|a Jakoby, Július,
|d 1903-1985
|2 SNKMA
|9 238384
|
| 600 |
1 |
7 |
|a Majoroš, Anton
|2 SNKMA
|9 511631
|
| 600 |
1 |
7 |
|a Pokorný, Jozef
|2 SNKMA
|9 272488
|
| 648 |
|
7 |
|a 20. storočie
|2 SNKPH
|9 278343
|
| 648 |
|
7 |
|a 20th century
|2 SNKPHeng
|9 277995
|
| 650 |
0 |
7 |
|a maliari
|2 SNKPH
|9 3150
|
| 650 |
0 |
7 |
|a slovenské maliarstvo
|2 SNKPH
|9 3124
|
| 650 |
0 |
7 |
|a moderné maliarstvo
|2 SNKPH
|9 68070
|
| 650 |
0 |
7 |
|a súkromné zbierky
|2 SNKPH
|9 2901
|
| 650 |
0 |
7 |
|a umelecké zbierky
|2 SNKPH
|9 2982
|
| 650 |
0 |
7 |
|a Painters
|2 SNKPHeng
|9 99679
|
| 650 |
0 |
7 |
|a Slovak painting
|2 SNKPHeng
|9 302574
|
| 650 |
0 |
7 |
|a Modern painting
|2 SNKPHeng
|9 315955
|
| 650 |
0 |
7 |
|a Private collections
|2 SNKPHeng
|9 303321
|
| 650 |
0 |
7 |
|a Art collections
|2 SNKPHeng
|9 303322
|
| 650 |
0 |
7 |
|a zberatelia umenia
|2 SNKPH
|9 132848
|
| 650 |
0 |
7 |
|a Art collectors
|2 SNKPHeng
|9 135439
|
| 651 |
|
7 |
|a Slovensko
|2 SNKPH
|9 14231
|
| 651 |
|
7 |
|a Slovakia
|2 SNKPHeng
|9 92630
|
| 655 |
|
7 |
|a katalógy výstav
|2 SNKPH
|9 70445
|
| 655 |
|
7 |
|a jubilejné publikácie
|2 SNKPH
|9 70339
|
| 655 |
|
7 |
|a Exhibition catalogs
|2 SNKPHeng
|9 266232
|
| 655 |
|
7 |
|a Jubilee books
|2 SNKPHeng
|9 281827
|
| 700 |
1 |
|
|a Pokorný, Jozef
|4 ccp
|4 pht
|9 272488
|
| 700 |
1 |
|
|a Markovič, Peter
|4 aut
|9 9551
|
| 700 |
1 |
|
|a Zemina, Jaromír,
|d 1930-
|4 aut
|9 211632
|
| 700 |
1 |
|
|a Liška, Daniel
|4 aut
|9 485021
|
| 700 |
1 |
|
|a Abelovský, Ján,
|d 1950-
|4 aut
|9 19456
|
| 700 |
1 |
|
|a Baša, Anton
|4 pht
|9 511632
|
| 700 |
1 |
|
|a Bodnár, Gabriel
|4 pht
|9 301836
|
| 852 |
|
|
|a Slovenská národná knižnica
|
| 919 |
|
|
|a 978-80-971583-5-4
|
| 954 |
|
|
|a obrazové publikácie zamerané na výtvarné umenie a fotografiu pôvodné (slovenské)
|2 lita
|
| 999 |
|
|
|c 788170
|d 790100
|
| 952 |
|
|
|a SNK
|b SNK
|y PREZ
|7 0
|p 17A1549816
|o snkOSC 30365
|i snk2024/8420
|8 0
|0 0
|1 0
|4 0
|d 2024-05-28
|l 0
|r 2026-02-24 01:26:54
|w 2026-02-24
|